[Event "CZE-chT2D 0809"]
[Site "Czech Republic"]
[Date "2009.02.08"]
[Round "8.7"]
[White "Trhal, Tomas"]
[Black "Obrslik, Jiri"]
[Result "1-0"]
[WhiteElo "2091"]
[BlackElo "1756"]
[PlyCount "51"]
[EventDate "2008.10.12"]
[EventType "tourn"]
[EventRounds "11"]
[EventCountry "CZE"]
[SourceTitle "EXT 2010"]
[Source "ChessBase"]
[SourceDate "2010.11.25"]
[SourceVersion "1"]
[SourceVersionDate "2010.11.25"]
[SourceQuality "1"]

1. e4 d6 2. d4 Nf6 3. Nc3 c6 4. Bg5 Qa5 5. Bxf6 gxf6 6. Qd2 Bg4 7. f3 Bh5 8. h4 h6 9. 0-0-0 Na6 10. Nge2 0-0-0 11. Nf4 Bg6 12. h5 Bh7 13. g4 e5 14. Ng2 Nc7 15. d5 cxd5 16. Nxd5 Qxa2 17. Qc3 Rd7 18. Bb5 Re7 19. Nxe7+ Bxe7 20. Bc4 Qa4 21. Kb1 Kb8 22. Ne3 Rc8 23. Qb3 Qxb3 24. Bxb3 Bg8 25. Nf5 Bf8 26. Nxd6 1-0

[Event "CZE-chT2D 0809"]
[Site "Czech Republic"]
[Date "2008.11.23"]
[Round "3.8"]
[White "Obrslik, Jiri"]
[Black "Talpa, Pavel"]
[Result "1/2-1/2"]
[WhiteElo "1756"]
[BlackElo "1904"]
[PlyCount "97"]
[EventDate "2008.10.12"]
[EventType "tourn"]
[EventRounds "11"]
[EventCountry "CZE"]
[SourceTitle "EXT 2010"]
[Source "ChessBase"]
[SourceDate "2010.11.25"]
[SourceVersion "1"]
[SourceVersionDate "2010.11.25"]
[SourceQuality "1"]

1. c4 f5 2. Nc3 Nf6 3. g3 e6 4. Bg2 d5 5. d4 c6 6. c5 Nbd7 7. Nf3 Ne4 8. 0-0 Be7 9. e3 0-0 10. Ne2 Bf6 11. b4 a6 12. Bb2 Qc7 13. Nf4 Re8 14. Nd3 g6 15. Rc1 Ng5 16. Nfe5 Nxe5 17. dxe5 Bg7 18. f4 Ne4 19. Ne1 Bd7 20. Nc2 Re7 21. Qe2 Be8 22. Nd4 h6 23. g4 Bf7 24. Ba1 Rf8 25. a4 Ree8 26. Rc2 Qe7 27. Qe1 fxg4 28. Bxe4 dxe4 29. b5 cxb5 30. axb5 axb5 31. Nxb5 Ra8 32. Nd6 g5 33. Rb2 Ra7 34. Rg2 Bg6 35. Rxg4 Bf5 36. Rg3 Rfa8 37. Bd4 gxf4 38. exf4 Ra3 39. Nxe4 Rxg3+ 40. hxg3 Bxe4 41. Qxe4 Ra3 42. Bf2 Rb3 43. Ra1 Qe8 44. Qc4 Rb5 45. Rd1 Ra5 46. Qe4 Bf8 47. Qc4 Kg7 48. Qb4 Rb5 49. Qe4 1/2-1/2